Sports Quiz

Random Sports or Football Quiz

2011 Fantasy Football Preseason Rankings Quiz Stats

 Plays Quiz not verified by Sporcle

Challenge
Share
Tweet
Embed
Score 0/100 Timer 10:00
0 Plays Today
Team Player % Correct
MINAdrian Peterson
98.4%
PHIMichael Vick
98.1%
TENChris Johnson
97.8%
HOUAndre Johnson
97.8%
DETCalvin Johnson
97.8%
BUFSteve Johnson
97.8%
HOUArian Foster
97.5%
GBAaron Rodgers
96.8%
JAXMaurice Jones-Drew
96.5%
ATLMichael Turner
96.2%
BALRay Rice
96.2%
INDPeyton Manning
96.2%
DALFelix Jones
96.2%
MINSidney Rice
96.2%
NYGEli Manning
96.2%
KCThomas Jones
96.2%
PHILeSean McCoy
95.9%
KCJamaal Charles
95.9%
ATLRoddy White
95.6%
NODrew Brees
95.2%
NETom Brady
95.2%
SDVincent Jackson
95.2%
PITRashard Mendenhall
94.9%
STLSteven Jackson
94.9%
PHIDeSean Jackson
94.9%
BUFFred Jackson
94.9%
SFFrank Gore
94.6%
SDAntonio Gates
94%
GBGreg Jennings
94%
INDReggie Wayne
94%
NYGAhmad Bradshaw
93.3%
OAKDarren McFadden
93.3%
TBMike Williams
93.3%
CARDeAngelo Williams
93.3%
Team Player % Correct
SDPhilip Rivers
93%
DALTony Romo
92.7%
ARILarry Fitzgerald
92.4%
KCDwayne Bowe
92.4%
INDDallas Clark
92.1%
NOMarques Colston
91.4%
CHIMatt Forte
91.1%
PITMike Wallace
90.8%
CLEPeyton Hillis
90.8%
HOUMatt Schaub
90.8%
DALMiles Austin
90.5%
NYJShonn Greene
90.2%
NYGHakeem Nicks
89.8%
DENKnowshon Moreno
89.8%
CARJonathan Stewart
89.2%
DALJason Witten
89.2%
NEWes Welker
88.9%
PITBen Roethlisberger
88.9%
CHIJay Cutler
88.9%
GBRyan Grant
88.6%
TBLeGarrette Blount
88.3%
WASSantana Moss
87.3%
DETJahvid Best
87%
SFVernon Davis
87%
PHIJeremy Maclin
86.7%
MIABrandon Marshall
86.7%
DENBrandon Lloyd
86.3%
NYJSantonio Holmes
86.3%
ATLMatt Ryan
86.3%
BALAnquan Boldin
86.3%
NEBenJarvus Green-Ellis
85.4%
BALJoe Flacco
85.4%
INDJoseph Addai
85.4%
NYGBrandon Jacobs
85.1%
Team Player % Correct
DALDez Bryant
84.8%
TBJosh Freeman
84.8%
SDRyan Mathews
84.1%
CINCedric Benson
84.1%
TENKenny Britt
82.9%
NYJLaDainian Tomlinson
82.5%
INDPierre Garcon
80.3%
PITHines Ward
80.3%
INDAustin Collie
79.4%
OAKMichael Bush
79.4%
NOPierre Thomas
78.4%
JAXMike Thomas
78.4%
SEAMarshawn Lynch
78.1%
SFMichael Crabtree
77.8%
MINPercy Harvin
77.5%
DETMatthew Stafford
77.5%
NYJBraylon Edwards
76.8%
CINTerrell Owens
76.5%
NYGMario Manningham
76.2%
ARIBeanie Wells
75.9%
GBJermichael Finley
74.6%
CHIJohnny Knox
74.6%
SDMike Tolbert
73%
BALDerrick Mason
72.1%
KCMatt Cassel
72.1%
DENTim Tebow
71.1%
STLSam Bradford
69.5%
HOUOwen Daniels
68.3%
NEDeion Branch
65.7%
WASRyan Torain
61.6%
JAXMarcedes Lewis
58.4%
NOChris Ivory
54.3%

You're not logged in!

Compare scores with friends on all Sporcle quizzes.
Join for Free
OR
Log In

You Might Also Like...

Show Comments

Extras

Top Quizzes Today


Score Distribution

Your Account Isn't Verified!

In order to create a playlist on Sporcle, you need to verify the email address you used during registration. Go to your Sporcle Settings to finish the process.

Report this User

Report this user for behavior that violates our Community Guidelines.

Details: